'Morung'/dormitory, the traditional educational system of the nagas : An exploratory study among the mao-nagas (Record no. 1391492)

MARC details
000 -LEADER
fixed length control field 00618nam a2200193Ia 4500
005 - DATE AND TIME OF LATEST TRANSACTION
control field 20250508164833.0
008 - FIXED-LENGTH DATA ELEMENTS--GENERAL INFORMATION
fixed length control field 008 250505s9999 xx 000 0 eng d
037 ## - SOURCE OF ACQUISITION
Stock number Dissertations
040 ## - CATALOGING SOURCE
Original cataloging agency FEDL
Language of cataloging eng
Transcribing agency FEDL
041 ## - LANGUAGE CODE
Language code of text/sound track or separate title eng
Source of code eng
084 ## - COLON CLASSIFICATION NUMBER
Classification number 371.97, MAO/DI
Assigning agency FEDL
100 ## - MAIN ENTRY--PERSONAL NAME
Personal name Mao Akha Kaihrii
9 (RLIN) 779258
245 #0 - TITLE STATEMENT
Title 'Morung'/dormitory, the traditional educational system of the nagas : An exploratory study among the mao-nagas
260 ## - PUBLICATION, DISTRIBUTION, ETC.
Date of publication, distribution, etc. 2009
300 ## - PHYSICAL DESCRIPTION
Extent 194p.
546 ## - LANGUAGE NOTE
Language note M.Phil Dissertation, (Delhi University)
942 ## - ADDED ENTRY ELEMENTS (KOHA)
Koha item type Dissertations
Classification part 371.97, MAO/DI
Holdings
Withdrawn status Lost status Damaged status Not for loan Home library Current library Date acquired Total Checkouts Full call number Barcode Date last seen Price effective from Koha item type
        Department of Education Library Department of Education Library 2025-05-08   371.97, MAO/DI EL0085122 2025-05-08 2025-05-08 Dissertations
Copyright @ Delhi University Library System